[Event "SC Groebenzell 2-SK Freising 1"]
[Site "?"]
[Date "2025.03.23"]
[Round "8.2"]
[White "Scheckenbach, Franz"]
[Black "Brand, Leonhard"]
[Result "1/2-1/2"]
[WhiteElo "2029"]
[BlackElo "2066"]
[Annotator "Stockfish 17"]
[PlyCount "82"]
[EventDate "2025.??.??"]
[WhiteTeam "SC Gröbenzell 2"]
[BlackTeam "SK Freising 1"]

{[%evp 11,82,24,27,26,28,32,24,19,35,-12,-12,-16,-14,-66,102,111,152,-94,-52,
-54,-48,-55,40,41,97,84,83,83,86,78,77,79,75,79,74,79,63,57,61,60,69,59,65,55,
76,86,80,80,91,0,0,0,0,-4,-5,-18,-16,-232,0,0,13,12,15,12,22,17,21,13,14,0,0,0,
0]} 1. e4 e6 2. d4 d5 3. e5 c5 4. c3 Nc6 5. Nf3 Qb6 6. Bd3 {daneben hatte
Weiß auch andere Systeme zur Auswahl} (6. a3 c4 7. Nbd2 Na5) (6. Be2 cxd4 7.
cxd4 Nh6 8. Nc3 Nf5) 6... cxd4 7. O-O Bd7 (7... dxc3 8. Nxc3 a6 9. a3 Nge7 10.
h4 Ng6 11. Qe2 Nd4 12. Nxd4 Qxd4 13. h5 {Utman,C-Rojas,L Santiago de Chile 1993
}) 8. Re1 Nge7 9. h4 {Weiß hat minimalen Vorteil.} a6 10. Na3 dxc3 11. bxc3
Qc7 12. c4 $6 Ng6 $2 (12... Na5 $15 13. cxd5 Nxd5) 13. cxd5 $1 $16 exd5 14. e6
$2 (14. h5 $1 $16 {ist erzwungen, um die Oberhand zu behalten.}) 14... fxe6 15.
Bxg6+ hxg6 16. Qxd5 $1 Be7 (16... O-O-O $15 17. Qd3 Bb4) 17. Qe4 $14 O-O-O $6 {
[#]} 18. Bf4 $1 $36 {[%mdl 2048]} e5 19. Nxe5 Bxa3 20. Nc4 {[%mdl 64]
Abzugsangriff} Rxh4 21. Bxc7 {[%mdl 64] Abzugsangriff} Rxe4 22. Rxe4 Kxc7 23.
Nxa3 Bf5 24. Re3 b5 {[%cal Bb7b5,Bb5b4][%mdl 32]} 25. Rc1 Kb6 26. Nb1 b4 27. f3
a5 28. g4 Bxb1 29. Rxb1 $16 {[%mdl 4096] Endspiel KTT-KTS} Rd2 $6 {[#]} (29...
Rd6 $14) 30. a3 ({Lieber} 30. Re6 $1 $16 {Droht stark Tc1.} Kb7 31. Rxg6) 30...
Kb5 $11 31. axb4 axb4 32. Kf1 Nd4 33. Rc1 b3 {[#] zielt auf ...b2 ab.} 34. Ke1
$2 (34. Re8 $11 {und Weiss muss sich keine Sorgen machen.} Rc2 35. Rb1) 34...
Rc2 $2 (34... Rh2 $19 {Weiss muss nun ...b2 beachten.} 35. Rd3 Nc2+ 36. Kd1 {
[#]} b2 $1 37. Rb3+ Ka4 38. Rxb2 Ne3+ {[%mdl 64] Abzugsangriff} 39. Ke1 Rxb2)
35. Rxb3+ {Die Stellung ist ausgeglichen.} Kc4 36. Rbb1 {Und weiter mit Txc2+
wäre nett.} Nxf3+ 37. Kf1 Nh2+ 38. Ke1 Rxc1+ 39. Rxc1+ Kd5 40. Rc7 Nxg4 41.
Rxg7 Ne5 {[#]} 1/2-1/2

[Event "SC Groebenzell 2-SK Freising 1"]
[Site "?"]
[Date "2025.03.23"]
[Round "8.3"]
[White "Zill, Christoph"]
[Black "Walter, Tobias"]
[Result "1-0"]
[WhiteElo "2064"]
[BlackElo "2081"]
[Annotator "Stockfish 17"]
[PlyCount "63"]
[EventDate "2025.??.??"]
[WhiteTeam "SK Freising 1"]
[BlackTeam "SC Gröbenzell 2"]

{[%evp 11,63,63,57,51,62,56,80,64,75,82,152,93,104,67,114,73,90,46,152,11,111,
109,97,111,170,160,241,238,227,248,226,251,222,232,248,230,223,221,330,298,348,
325,327,270,583,576,532,138,142,0,525,520,516,497]} 1. e4 e6 2. d4 d5 3. e5 c5
4. c3 Nc6 5. Nf3 Nh6 {wird auch zuweilen gespielt} 6. Bxh6 gxh6 7. Bb5 (7. Be2
Bg7 8. O-O O-O 9. Na3 cxd4 10. cxd4 f6 11. exf6 Qxf6 {Yudasin,L-Glek,I Tilburg
rapid 1994}) 7... Qb6 8. Qe2 a6 9. Bxc6+ $14 bxc6 10. O-O Bg7 $6 (10... a5 $142
) 11. Re1 O-O 12. Qc2 Rb8 13. b3 {[%cal Bb2b3,Bb3b4][%mdl 32]} f6 14. Nbd2 {
[%cal Bb1d2,Bd2b3,Bb3c5][%mdl 32]} Bd7 $6 ({Günstiger ist} 14... cxd4 $14 15.
exf6 Rxf6 16. cxd4 Bd7) 15. dxc5 (15. exf6 $16 Bxf6 16. Ne5 Bxe5 17. dxe5)
15... Qxc5 {[#]} (15... Qc7 $1 $11 {bleibt in der Remisbreite.}) 16. b4 $1 $16
{[%cal Rb4c5]} Qa7 {Und ...fxe5 würde nun gewinnen.} 17. Nb3 fxe5 {riskant}
18. Nxe5 Rf5 (18... a5 $16) 19. Nxd7 $18 {[%mdl 64] Überlastung} Qxd7 20. Nc5
{[%mdl 64] Doppelangriff} Qf7 21. Nxe6 $18 ({Auf keinen Fall} 21. Rxe6 $6 a5)
21... Be5 22. Nd4 Bxd4 23. cxd4 Rxb4 24. Rab1 Rb5 $2 (24... Rxb1 $142 25. Qxb1
(25. Rxb1 Rf6 $16) 25... Qh5) 25. Rxb5 axb5 26. Qxc6 $18 {[%mdl 64]
Doppelangriff} Rxf2 27. Qxh6 Rxa2 $2 {KDT-KDT} (27... Rf5 28. Rc1 Qd7) 28. Qg5+
Kh8 29. Qd8+ $2 (29. Qe5+ $18 {und der Rest ist Schweigen.} Qg7 30. Qxd5 {
[%mdl 64] Doppelangriff}) 29... Kg7 $16 {[#] ( -> ...Df2+)} 30. Rf1 {läßt
eine überraschende Remiswendung zu} ({Besser ist} 30. Qg5+ $1 $16 Qg6 31. Qxd5
{[%mdl 64] Doppelangriff}) 30... Qe6 $2 {[%mdl 8192]} (30... Rxg2+ $1 $11 {
und Schwarz ist OK.} 31. Kxg2 Qg6+ 32. Kf3 Qd3+ 33. Kg4 Qxf1) 31. Qg5+ $18 Qg6
32. Qe7+ ({Nicht} 32. Qxd5 Re2 $18) 1-0

[Event "SC Groebenzell 2-SK Freising 1"]
[Site "?"]
[Date "2025.03.23"]
[Round "8.4"]
[White "Tunka, Philipp"]
[Black "Gruettner, Ralf"]
[Result "1/2-1/2"]
[WhiteElo "2019"]
[BlackElo "2041"]
[Annotator "Stockfish 17"]
[PlyCount "137"]
[EventDate "2025.??.??"]
[WhiteTeam "SC Gröbenzell 2"]
[BlackTeam "SK Freising 1"]

{[%evp 21,137,96,98,85,105,84,99,77,81,50,70,84,51,32,41,42,105,99,106,70,87,
88,94,92,91,88,132,110,150,6,185,187,188,183,228,202,193,177,193,195,209,154,
171,176,162,165,179,171,173,168,172,168,236,234,230,224,237,240,237,237,266,
241,239,200,209,193,281,269,269,248,253,253,249,199,352,358,358,342,356,355,
349,349,342,339,299,263,289,4,8,6,33,0,3,0,0,0,0,0,0,-2,0,0,0,0,0,0,0,0,0,0,4,
-8,0,-1,-2,-6,0,0]} 1. d4 Nf6 2. c4 c5 3. d5 b5 4. cxb5 a6 5. bxa6 Bxa6 6. Nc3
g6 7. e4 Bxf1 8. Kxf1 d6 9. g3 Bg7 10. Nf3 (10. Kg2 O-O 11. Nf3 Nbd7 12. Re1 {
ist recht geläufig} Ng4 13. Bf4 Qa5 14. h3 Nge5 15. Nxe5 Nxe5 16. Qe2 Rfb8 {
Karpov,A-Salov,V Belgrade 1996}) 10... Nbd7 (10... O-O 11. Kg2 Nbd7 12. Re1 Ng4
{ist gut bekannt}) 11. Kg2 O-O 12. a4 Qb6 13. Re1 Rfb8 14. Ra3 Ne8 15. Nd2 Ne5
16. Qe2 Nc7 17. b3 (17. f4 $5 {[%cal Rf4e5]} Nd7 18. Nc4 $14) 17... Qb4 18. Bb2
Qd4 $6 (18... f5 $14) 19. Nd1 $16 Qd3 20. f4 Qxe2+ 21. Rxe2 Nd3 22. Bxg7 Kxg7
23. Nc3 f6 24. Nc4 $36 {[%mdl 2048] Weiss bestimmt, wo es lang geht.} Ra7 25.
Na2 (25. e5 $1 $16 fxe5 26. fxe5 Nxe5 27. Nxe5 $16) 25... Kf7 $2 (25... f5 $1
$11) 26. Rd2 $18 Nb4 {[#]} 27. Nc3 $1 {+1.80, für Stockfish steht Weiß viel
besser} Ra6 28. e5 dxe5 29. fxe5 Rd8 {[%cal Rc7d5]} 30. d6 Ne6 31. Nb5 Nc6 32.
exf6 exd6 33. Nbxd6+ Kxf6 34. Rf2+ Kg7 35. Rf7+ Kg8 {[#]} 36. Rb7 $1 Ra7 (36...
Rb8 {ist eine bessere Verteidigung.} 37. Rxb8+ Nxb8) 37. Rxa7 Nxa7 38. a5 $18 {
[%cal Ba4a5,Ba5a6][%mdl 32] Weiß hat gute Gewinnchancen} Nd4 39. a6 Rb8 40.
Nb7 Re8 41. Ra2 (41. Nxc5 Re2+ 42. Kh3 h5 43. b4 $18) 41... Nxb3 42. Rb2 Nd4
43. Nbd6 ({Finger weg von} 43. Nxc5 Rc8) 43... Re2+ (43... Re7 $142 44. Nd2
Nac6) 44. Rxe2 Nxe2 {[%mdl 4096] [#] Endspiel KSS-KSS} 45. Kf3 (45. Nb6 Kg7 46.
Nbc8 Nc6 47. a7 Nxa7 48. Nxa7 $18) 45... Nd4+ 46. Ke4 Ndc6 47. Kd5 Nb4+ $2 (
47... Nb8 {war einen Versuch wert.} 48. Kxc5 Nd7+ 49. Kb4 Nb8) 48. Kxc5 Nxa6+
49. Kb6 {[%mdl 64] Doppelangriff} Kg7 50. Kxa6 Nc6 51. Kb6 Nd4 52. Ne3 Nf3 53.
Nf1 Kf6 54. Ne4+ $2 ({mit genauem Spiel konnte Weiß gewinnen} 54. Kc5 $142 $18
Ke6 55. Nc4 Ng5 56. Kd4 Nf3+ 57. Ke3 Ng5 58. Nfd2 $18) 54... Kf5 $11 55. Nf2 {
Droht Kc5 und aus.} h5 $1 56. Kc5 {Schwarz muss nun Kd5 beachten.} h4 $1 {
Die Stellung ist ausgeglichen.} 57. Kd5 {Droht stark Se3+.} (57. gxh4 {ist
vielschichtiger.} Kf4 58. Kd5 Nxh2 59. Nxh2 Kg3 60. Ke4) 57... Nxh2 $1 58. Ne3+
Kg5 59. gxh4+ Kxh4 60. Ke4 g5 61. Nf5+ Kh5 62. Nh1 Ng4 63. Nhg3+ Kg6 64. Ne7+
Kf6 65. Nc6 Nf2+ 66. Kf3 Nd3 67. Ne4+ Kf5 68. Ne7+ Ke6 69. Nxg5+ 1/2-1/2

[Event "SC Groebenzell 2-SK Freising 1"]
[Site "?"]
[Date "2025.03.23"]
[Round "8.5"]
[White "Paul, Franz Xaver"]
[Black "Stocker, Rupert"]
[Result "0-1"]
[WhiteElo "1827"]
[BlackElo "1979"]
[Annotator "Stockfish 17"]
[PlyCount "100"]
[EventDate "2025.??.??"]
[WhiteTeam "SK Freising 1"]
[BlackTeam "SC Gröbenzell 2"]

{[%evp 9,100,-57,105,98,179,152,152,100,121,-10,96,10,69,49,50,0,0,-83,0,-34,
-34,-260,-266,-324,-320,-327,-213,-360,-362,-376,-364,-446,-403,-406,-393,-389,
-390,-402,-408,-428,-427,-470,-464,-485,-478,-479,-420,-513,-437,-431,-430,
-435,-430,-443,-439,-441,-441,-444,-431,-418,-415,-432,-433,-482,-469,-491,
-467,-753,-677,-789,-775,-668,-651,-690,-661,-777,-808,-846,-791,-847,-798,
-986,-982,-966,-925,-1019,-967,-1112,-1067,-1018,-851,-796,-803]} 1. e4 c6 2.
d3 g6 3. Nc3 d5 4. Nf3 Bg7 5. Bf4 (5. d4 dxe4 6. Nxe4 Nf6 7. Nxf6+ Bxf6 8. c3
O-O 9. Bd3 {Munoz,F-Trevor,S Novi Sad olm 1990 ist eine der wenigen Partie,
die man hierzu findet}) 5... f6 $2 {[#]} (5... e5 $15 {behält die Oberhand.}
6. Bg3 (6. Bxe5 Bxe5 7. Nxe5 d4 $17) (6. Nxe5 d4 $17) 6... d4) 6. d4 $1 $16 a6
$6 {noch ein schwächerer Zug, der die Partie für Schwarz erschwert} (6... Nh6
$16) 7. Bd3 Nh6 8. Qd2 (8. Qe2 $1 Nf7 9. O-O-O $16) 8... Nf7 9. e5 (9. O-O-O
$16) 9... O-O $6 (9... fxe5 $11 10. Nxe5 (10. dxe5 Bg4 $15) 10... Nxe5 11. Bxe5
(11. dxe5 Nd7 $11) 11... Bxe5 12. dxe5 Nd7) 10. O-O-O ({Günstiger ist} 10. h4
$16) 10... Bg4 {[#] ...fxe5 ist eine echte Drohung.} 11. Rde1 Bxf3 12. gxf3 e6
13. h4 $6 (13. Rhg1 $11) 13... Nd7 (13... fxe5 $17 14. dxe5 Nd7) 14. exf6 Qxf6
15. Bg5 $2 (15. h5 $15) 15... Nxg5 $19 ({Jedoch nicht} 15... Qxd4 16. Be3 $17)
16. hxg5 Qxd4 17. Rxe6 Rae8 (17... Rxf3 18. Re3 Raf8 $19) 18. Qe1 $2 (18. Rxe8
{ist der einzige Weg für Weiss..} Rxe8 19. f4) 18... Ne5 19. Rxe8 Rxe8 20. Kd1
Rf8 21. Qe3 Qxe3 22. fxe3 Rxf3 $19 {mit großen Gewinnchancen} 23. Ke2 Rg3 24.
Nd1 Rxg5 $19 {Schwarz gewinnt} 25. Rf1 Rg2+ 26. Rf2 Rxf2+ 27. Kxf2 {[%mdl 4096]
Endspiel KLS-KLS} Kf7 (27... Nxd3+ 28. cxd3 Kf7 $19 {mit weiterer Vereinfachung
}) 28. e4 d4 29. Be2 Kf6 30. Kg3 c5 31. b3 b5 32. Nb2 h5 33. a4 bxa4 34. Nxa4
Bf8 35. Bxa6 g5 {Schwarz steht klar auf Gewinn.} 36. Bc8 g4 37. Nb2 Kg5 38. Nd3
(38. Kh2 $142 Nf3+ 39. Kh1) 38... Bd6 39. Nxe5 Bxe5+ {KL-KL} 40. Kg2 Kf4 41.
Ba6 Kxe4 42. Be2 Kf4 43. Bc4 h4 {Weiss muss nun ...h3+ beachten.} 44. Be6 h3+
45. Kh2 Kg5+ 46. Kg1 Kh4 47. Bf5 g3 {Und ...d3! würde nun gewinnen.} 48. Be6
Bf4 49. Bd5 Be3+ 50. Kf1 g2+ 0-1

[Event "SC Groebenzell 2-SK Freising 1"]
[Site "?"]
[Date "2025.03.23"]
[Round "8.6"]
[White "Feierlein, Robert"]
[Black "Mujdzic, Emir"]
[Result "1/2-1/2"]
[WhiteElo "1977"]
[BlackElo "1870"]
[Annotator "Stockfish 17"]
[PlyCount "61"]
[EventDate "2025.??.??"]
[WhiteTeam "SC Gröbenzell 2"]
[BlackTeam "SK Freising 1"]

{[%evp 14,61,-28,-30,-28,-47,-53,-44,-53,-71,-86,-71,-26,-20,-26,-33,-25,-28,
-20,-28,-5,-9,-8,-1,3,-1,1,0,-1,-7,0,-6,-5,-5,-1,-5,-5,-14,-11,-26,-25,-23,-23,
-22,-23,-28,-28,-29,-27,-25]} 1. c4 c6 2. Nf3 d5 3. cxd5 cxd5 4. g3 Nc6 5. d4
Nf6 6. Bg2 Bf5 7. O-O e6 8. Nc3 h6 9. a3 Be7 10. b4 O-O $15 11. Bf4 Rc8 12. Rc1
Ne4 13. Nxe4 Bxe4 14. Qd2 Bxf3 15. Bxf3 Qb6 16. Rfd1 a5 17. bxa5 Nxa5 18. Rb1
Qa6 19. Qb2 Bd6 20. Bxd6 Qxd6 21. e4 Nc4 22. Qb4 dxe4 23. Bxe4 Qxb4 24. Rxb4
Nxa3 25. Rxb7 Nc4 {[#] Droht ...Sd6 und aus.} 26. Rd7 (26. Bf3 {fühlt sich
spannender an.} Nd6 27. Rb6 Rcd8 28. d5 e5 29. Bg2) 26... Rfd8 27. Ra7 Nd6 28.
Bd3 Ne8 29. Ba6 Rc7 30. Rxc7 Nxc7 31. Bc4 1/2-1/2

[Event "SC Groebenzell 2-SK Freising 1"]
[Site "?"]
[Date "2025.03.23"]
[Round "8.7"]
[White "Darlau, Tim"]
[Black "Schrader, Jan-Erik"]
[Result "0-1"]
[WhiteElo "1584"]
[BlackElo "2021"]
[Annotator "Stockfish 17"]
[PlyCount "99"]
[EventDate "2025.??.??"]
[WhiteTeam "SK Freising 1"]
[BlackTeam "SC Gröbenzell 2"]

{[%evp 25,99,87,83,92,123,115,108,117,170,171,235,221,241,212,251,248,248,248,
254,263,250,213,240,246,260,260,245,188,248,259,306,302,301,333,322,322,352,
271,312,323,309,272,345,243,241,-602,-617,-597,-589,-612,-588,-745,-731,-740,
-727,-722,-692,-677,-669,-709,-698,-611,-601,-602,-588,-6049,-6986,-1334,-6784,
-7412,-4543,-1351,-1270,-29997,-29998,-29998]} 1. e4 e6 2. d4 d5 3. Nc3 Bb4 4.
e5 c5 5. a3 Bxc3+ 6. bxc3 Ne7 7. Qg4 Qc7 8. Qxg7 Rg8 9. Qxh7 cxd4 10. Ne2 {
hierzu gibt es massenhaft Partien} Nbc6 11. f4 Bd7 12. Qd3 dxc3 13. Qxc3 (13.
Nxc3 a6 14. Ne2 Nf5 15. Rb1 Nce7 16. Qc3 Bc6 17. Rg1 O-O-O 18. Nd4 Nxd4 19.
Qxd4 Nf5 20. Qb6 $16 {Karpov,A-Nogueiras,J Brussels WCup 1988}) 13... O-O-O (
13... Nf5 14. Rb1 Rc8 15. Bd2 a6 16. g3 b5 17. Bh3 {Tal,M-Farago,I Wijk 1988})
14. g3 (14. Ng3 f6 15. exf6 Nf5 16. Nxf5 exf5 17. f7 Rgf8 $16 {Matulovic,
M-Liebert,H Polanica Zdroj 1963}) 14... d4 {[#]} (14... Kb8 15. Rb1 Rc8 16. Bd2
Nf5 {Ingerslev,A-Sorencen,A corr 1987}) 15. Qc4 ({Vergiftet wäre} 15. Nxd4 $2
Nxd4 16. Qxc7+ (16. Qxd4 $2 Bc6 $19 {[%mdl 64] Abzugsangriff}) 16... Kxc7 $19)
15... Nf5 16. Bg2 $16 Kb8 $6 {[#]} (16... Na5 $142 17. Qxc7+ Kxc7 18. Kf2 $16)
17. Rb1 Ka8 (17... Rc8 {ist wohl besser.}) 18. Bd2 Rb8 19. Be4 Rgc8 20. g4 $18
Ne3 21. Bxe3 dxe3 22. Qc3 Qd8 23. h4 Ne7 24. Qxe3 Bc6 25. Kf2 Nd5 26. Qf3 Qa5
27. Rhd1 Qc5+ 28. Kg3 Nb6 29. Bxc6 Rxc6 30. Nd4 Rcc8 31. h5 Nd5 {und die Idee .
..Sc3 ließe Schwarz weiter hoffen.} 32. Nb5 Qxc2 33. Rdc1 Qa4 {Droht stark ...
Txc1.} 34. Rxc8 Rxc8 35. Nd6 $4 {[%mdl 8192] ein Versehen, das sehr teuer wird}
(35. Rb3 $18) 35... Rc3 $19 {[%mdl 64] Überlastung} 36. Qxc3 {[%cal Rc3c8]}
Qxf4+ 37. Kh4 {[%cal Rc3c8]} Nxc3 38. Rxb7 Qh2+ 39. Kg5 Qxe5+ 40. Kh6 Qxd6 41.
Rxf7 Ne4 42. g5 e5+ 43. g6 Qd8 {( -> ...Dh8+)} 44. Kg7 {Tf8 ist eine echte
Drohung.} Ng5 {Und weiter mit ...e4 wäre nett.} 45. h6 Nxf7 46. gxf7 Qg5+ 47.
Kh7 Qf6 48. Kg8 Qg6+ 49. Kh8 Qxf7 50. a4 0-1

[Event "SC Groebenzell 2-SK Freising 1"]
[Site "?"]
[Date "2025.03.23"]
[Round "8.8"]
[White "Seifert, Werner"]
[Black "Oezkurt, Kaan"]
[Result "1/2-1/2"]
[WhiteElo "1894"]
[BlackElo "1699"]
[Annotator "Stockfish 17"]
[PlyCount "141"]
[EventDate "2025.??.??"]
[WhiteTeam "SC Gröbenzell 2"]
[BlackTeam "SK Freising 1"]

{[%evp 26,141,-63,-65,-67,-61,-63,-66,-79,-111,-39,-27,-30,-75,-45,-34,0,-3,0,
-2,-10,-22,22,14,16,14,52,-2,-3,-13,0,-10,-12,-44,-24,-32,-27,-33,-34,-39,-37,
-48,-18,-31,-37,-32,-10,-15,-12,-15,-27,-144,-85,-84,-13,-12,-6,-4,0,0,0,0,0,0,
0,0,0,0,-4,-6,0,-5,0,0,0,0,0,0,0,0,0,0,0,0,0,0,0,0,0,0,0,0,0,0,0,-479,-479,
-479,-479,-480,-481,-478,-478,-475,-474,-476,-471,-471,-471,-461,-461,-457,0,0,
0,0,0,0]} 1. e4 e6 2. d4 d5 3. e5 c5 4. c3 Nc6 5. Nf3 Qb6 6. Bd3 cxd4 7. cxd4
Bd7 8. O-O Nxd4 9. Nxd4 Qxd4 10. Nc3 a6 11. Qe2 Ne7 12. Kh1 Nc6 13. f4 {
das mist alles aus der Turnierpraxis gut bekannt. Musterpartien kann man wie
immer mit FRITZ "Referenz" herausfiltern und nachspielen} Nb4 14. Rd1 Bc5 (
14... Nxd3 15. Rxd3 Qb6 16. Be3 Bc5 17. Bxc5 Qxc5 18. f5 Bc6 19. Qg4 O-O-O {
CBM25 Survoy R.Knaak 1991}) 15. Bxa6 Qf2 16. Qxf2 ({Jedoch nicht} 16. Bxb7 $2
Qxe2 17. Nxe2 Ra7 $19) 16... Bxf2 {Schwarz steht etwas besser.} 17. Be2 Bc5 (
17... O-O $17 18. a3 h6 $1) 18. Bd2 $15 O-O 19. a3 Nc6 (19... Nc2 $5 {[%cal
Rc2a1]} 20. Rab1 Rfc8 $15) 20. Bd3 Nd4 {Droht ...Sb3.} 21. Be3 Nb3 22. Bxc5
Nxc5 23. Bc2 Na4 24. Bxa4 Bxa4 25. Rd4 $11 Bd7 26. f5 Rac8 27. Rad1 Rc5 28. g4
Bc6 29. Kg2 exf5 30. gxf5 Re8 31. Re1 $11 Bd7 32. Kg3 Bxf5 33. Nxd5 {Und
weiter mit Se7+! wäre nett.} Be6 34. Red1 h6 35. h4 Bxd5 (35... Kh7 {hält
die Spannung aufrecht.} 36. R1d2 b5 37. Kf4 Rc1 38. Rd1 Rec8) 36. Rxd5 Rxe5 37.
Rxc5 Rxc5 {[%mdl 4096] Endspiel KT-KT} 38. Rd7 $2 {ein ernsterer Fehler} (38.
Rd8+ $11 Kh7 39. Rd7) 38... Rb5 (38... b5 $1 39. Rb7 g6 40. Kf4 Rf5+ 41. Ke4
Kg7 {-2.33  mit Gewinnaussichten}) 39. b4 g5 (39... Kf8 $17) 40. hxg5 $11 hxg5
41. Kg4 b6 42. Rd6 {das Turmendspiel ist sehr remislich} Kg7 43. Kh5 Kf8 44.
Rc6 Ke7 45. Kg4 Kd7 46. Rf6 Ke7 47. Rc6 Kd7 48. Rf6 Kc7 49. Rxf7+ Kc6 50. Rf6+
Kd5 51. Kxg5 Kc4+ 52. Kg6 Kb3 53. Rf3+ Ka4 54. Kf6 Rd5 55. Ke7 b5 56. Ke6 Rd2
57. Rh3 Ra2 (57... Rd4 {ist vielschichtiger.} 58. Ke5 Rd2 59. Ke6 Ra2 60. Kd5
Rxa3 61. Rh4 Rc3) 58. Kd5 Rxa3 59. Rh4 Rc3 60. Rh1 $2 {[%mdl 8192] einer der
wenigen Züge, die sofort verlieren} (60. Re4 $11 {und Weiss steht sicher.})
60... Kxb4 $19 61. Kd4 Rg3 62. Rb1+ Rb3 63. Ra1 Rb2 64. Kd3 {[#]} Kb3 $1 65.
Ra8 Ra2 66. Rb8 b4 67. Rb7 Ra4 68. Kd2 Ka2 $4 {und verschenkt den Sieg} ({
Lieber} 68... Kb2 $19 {...b3 ist eine echte Drohung.} 69. Kd3 b3) 69. Kc2 $11 {
Die Stellung ist ausgeglichen.} b3+ 70. Rxb3 Rc4+ 71. Rc3 1/2-1/2

[Event "SV Roehrnbach 1-SV Deggendorf 2"]
[Site "?"]
[Date "2025.03.23"]
[Round "8.1"]
[White "Firlbeck, Hubert"]
[Black "Fuchs, Florian"]
[Result "0-1"]
[WhiteElo "2039"]
[BlackElo "2121"]
[Annotator "Stockfish 17"]
[PlyCount "54"]
[EventDate "2025.??.??"]
[WhiteTeam "SV Deggendorf 2"]
[BlackTeam "SV Röhrnbach 1"]

{[%evp 14,54,-3,-10,23,-4,-11,-12,13,-184,-183,-206,-209,-201,-197,-200,-174,
-159,-167,-333,-339,-326,-337,-341,-341,-346,-344,-463,-451,-651,-643,-648,
-645,-650,-640,-635,-622,-633,-590,-639,-619,-790,-781]} 1. b3 {gegen den
Aufsteiger Florian Fuchs vielleicht ein gutes Rezept, große und bekannte
Systeme zu vermeiden} e5 2. c4 Nf6 3. Bb2 Nc6 4. e3 d5 5. cxd5 Nxd5 6. a3 Bd6
7. Qc2 O-O 8. Nf3 Re8 {hierzu liegen kaum noch Partien vor} (8... Qe7 9. d3 f5
10. Nbd2 Rd8 (10... Kh8 11. Be2 Bd7 12. Nc4 {Ibragimov,I-Iskusnyh,S RUS-Cup5
Ekaterinburg 1997}) 11. b4 a5 12. b5 {Kasparov,G-Fritz3 Cologne 1995}) 9. Bc4 (
9. Nc3 Nxc3 10. Qxc3 Bd7 11. Be2 f5 12. O-O Qe7 13. Bc4+ Kh8 14. h4 Nd8 15. g3
b5 16. Be2 h6 17. b4 a6 18. d4 e4 $14 {van der Beek,J-Ekenlov,L 0-1 !?? corr
1992}) 9... Nb6 10. Bd3 g6 {[#]} 11. h4 $2 {sieht naheliegend aus, wird aber
hart gekontert [#]} (11. O-O $11 Be6 12. Bb5 Bg4 13. Ne1 Bf5 $11 {war eine
mögliche Fortsetzung}) 11... e4 $1 $19 {[%cal Re4d3]} 12. Qc3 {[%csl Gb2]
[%cal Rc3h8]} ({Doch nicht} 12. Bxe4 {[#]} Rxe4 $1 {[%mdl 512]} 13. Qxe4 $2 {
zu gefräßig.} Bf5 $19 {und die Q lebt ab}) 12... f6 $1 13. Bc4+ Nxc4 (13...
Kg7 14. Nd4 Ne5 15. Be2 c5 {war auch stark}) 14. Qxc4+ Kf8 ({Keinesfalls} 14...
Be6 15. Qxe4 Bxb3 16. Qd3 $15) (14... Kg7 $5) 15. h5 {zielt auf hxg6 ab. Aber
der Flankenangriff will nicht gelingen} g5 $36 {[%mdl 2048] Weiss steht unter
starkem Druck.} 16. Qc2 $2 (16. Nh2) 16... exf3 {und mit dem Figurengewinn ist
die Partie natürlich gelaufen} 17. Qxh7 fxg2 18. Qh6+ Kf7 19. Qg6+ Ke6 {
dem Wanderkönig kann man nichts anhaben} 20. Qe4+ Ne5 {Schwarz steht klar auf
Gewinn.} 21. Bxe5 (21. Qxg2 $142 Nd3+ 22. Ke2 (22. Kf1 Nxb2 23. Qe4+ Be5 24. d4
$19 {[%mdl 64] Fesselung}) 22... Nxb2 $19) 21... gxh1=Q+ 22. Qxh1 Bxe5 23. d4
Bxd4 24. Qe4+ Be5 25. Nc3 c6 26. f4 gxf4 {[%mdl 64] Überlastung} 27. exf4 {[#]
} Qd4 $1 0-1